Correspondencia de figuras elementales, con aplicación al estudio de las figuras que engendran / (Record no. 126948)

MARC details
000 -LEADER
campo de control de longitud fija 00653nam a2200181 i 4500
001 - NÚMERO DE CONTROL
campo de control 126948
003 - IDENTIFICADOR DE NÚMERO DE CONTROL
campo de control ES-MaACL
005 - FECHA Y HORA DE LA ÚLTIMA TRANSACCIÓN
campo de control 20231228191708.0
008 - DATOS DE LONGITUD FIJA--INFORMACIÓN GENERAL
campo de control de longitud fija 070214s1910 sp |||| | spa d
100 1# - ENTRADA PRINCIPAL--NOMBRE DE PERSONA
Nombre de persona Rey Pastor, Julio,
Fechas asociadas al nombre 1888-1962
9 (RLIN) 96535
245 10 - MENCIÓN DEL TÍTULO
Título Correspondencia de figuras elementales, con aplicación al estudio de las figuras que engendran /
Mención de responsabilidad, etc. Julio Rey Pastor.
260 ## - PUBLICACIÓN, DISTRIBUCIÓN, ETC.
Lugar de publicación, distribución, etc. Madrid :
Nombre del editor, distribuidor, etc. [s.n.],
Fecha de publicación, distribución, etc. 1910.
300 ## - DESCRIPCIÓN FÍSICA
Extensión 96 p. ;
Dimensiones 24 cm.
502 ## - NOTA DE TESIS
Nota de tesis Tesis-Univ. de Madrid, Fac. de Ciencias, leída el 5 de julio de 1909.
650 04 - PUNTO DE ACCESO ADICIONAL DE MATERIA--TÉRMINO DE MATERIA
Término de materia o nombre geográfico como elemento de entrada Geometría proyectiva.
9 (RLIN) 13104
852 ## - LOCALIZACIÓN
Ubicación ES-MaACL
Número de control de estantería T-1197-F-9
Holdings
Estatus retirado Estado de pérdida Estado de daño No para préstamo Colección Biblioteca de origen Biblioteca actual Ubicación en estantería Fecha de adquisición Fuente de adquisición Total de préstamos Signatura topográfica completa Código de barras Visto por última vez Precio de reemplazo Tipo de ítem Koha
        Colección de folletos Biblioteca del Ateneo de Madrid Biblioteca del Ateneo de Madrid Depósito folletos 17/01/2008     T-1197-F-9 1132225 23/02/2023 23/02/2023 Folleto